00801cam a22002531 4500001001300000003000400013005001700017008004100034010001700075035002000092040001800112042001200130050002100142100003300163245004900196260001100245300002200256440003600278490008500314500001400399504003100413700003400444830006900478sa 67005899 DLC20260227112401.0890710s1964 ii b 000 0 hino  asa 67005899  a(OCoLC)19985919 aDLCcWaUdDLC apremarc00aPK2095b.K4 19640 aKeśavadāsa,d1555?-1617?10aĀcārya Keśavadāsa ke tīna grantha. c[1964] a33, 62 p.c23 cm. 0aWoolner Indological series,v100 aVishveshyaranand Vedic Research Institute, Hoshiarpur, India. Publication,v311 aIn Hindi. aBibliographical footnotes.1 aSharma, Kiran Chandra,d1917- 0aVishveshvaranand Vedic Research Institute publication ;vno. 311